000 00617nam a22001937a 4500
005 20251108174608.0
008 250721s2008 xx 000 0 ara d
082 1 4 _a320.54/مصط
245 1 0 _aمصطلحات و مناسبات و شخوص صهيونية /
264 1 _aعمان :
_bدار الجليل للنشر و الدراسات و الأبحاث الفلسطينية،
_c2008.
300 _a132 ص.
650 1 7 _aالصهيونيه
650 1 7 _aاسراايل
650 1 7 _aفلسطين
650 1 7 _aتاريخ فلسطين
710 2 _aدار الجليل
942 _2ddc
_cBK
999 _c113157
_d113157